Statistics for Countries Whose Names Include Another Country Within Their Name

Click here to take the quiz!

General Stats

  • This quiz has been taken 39 times
  • The average score is 5 of 9

Answer Stats

Answer% Correct
GUINEA-bissau
75%
south SUDAN
75%
NIGERia
72%
equatorial GUINEA
58%
DOMINICAn republic
56%
papua new GUINEA
50%
soMALIa
28%
democratic REPUBLIC OF THE CONGO
25%
rOMANia
14%

Score Distribution

Percentile by Number Answered

Percent of People with Each Score

Your Score History

You have not taken this quiz